Library Banner

Asar hazir ki mujahid khawateen = عصر حاضر کی مجاہد خواتین : (Record no. 121705)

MARC details
000 -LEADER
fixed length control field 00657nam a22001457a 4500
005 - DATE AND TIME OF LATEST TRANSACTION
control field 20210318112020.0
008 - FIXED-LENGTH DATA ELEMENTS--GENERAL INFORMATION
fixed length control field 210318b ||||| |||| 00| 0 eng d
040 ## - CATALOGING SOURCE
Transcribing agency PK-LaUMT
082 ## - DEWEY DECIMAL CLASSIFICATION NUMBER
Classification number RHC 297.72082
Item number MAR-A
100 ## - MAIN ENTRY--PERSONAL NAME
Personal name Maryam Syed Hindawi = مریم السید ہنداوی
245 ## - TITLE STATEMENT
Title Asar hazir ki mujahid khawateen = عصر حاضر کی مجاہد خواتین :
Remainder of title مصر میں اخوان المسلمون سے وابستہ رہنما خواتین/
Statement of responsibility, etc by Maryam Syed Hindawi = مریم السید ہنداوی ؛ ترجمہ محمد ظہیر الدین بھٹی
260 ## - PUBLICATION, DISTRIBUTION, ETC. (IMPRINT)
Place of publication, distribution, etc Lahore :
Name of publisher, distributor, etc Manshoraat,
Date of publication, distribution, etc 2012
300 ## - PHYSICAL DESCRIPTION
Extent 232 p.
942 ## - ADDED ENTRY ELEMENTS (KOHA)
Koha item type Books
Holdings
Withdrawn status Lost status Damaged status Home library Current library Date acquired Full call number Barcode Date last seen Price effective from Koha item type
      UMT Main Campus UMT Main Campus 2021-03-18 RHC 297.72082 MAR-A 136984 2021-03-18 2021-03-18 Books